000 00737nam a2200253 a 4500
001 13136
003 BD-JhCC
005 20230713090129.0
008 180729s2023 bg |||| ||a| 000 0 ben d
020 _a9789847769714
035 _a(BD-JhCC)13136
040 _aBD-JhCC
_dBD-JhCC
041 _abengali
082 _bSEN 2023
_a928
100 _aসেন, সত্যেন
245 _aআলবেরুনী /
_cসত্যেন সেন, ভূমিকা: বদিউর রহমান।
260 _aঢাকা :
_bঐতিহ্য ;
_c2023.
300 _a245 p. :
_c20 cm.
600 _aAl-Biruni
650 _aBiography
700 _a রহমান ,বদিউর
942 _2ddc
_cBK
999 _c13136
_d13136